000 01252nam a2200337Ia 4500
001 ebr10218258
003 CaPaEBR
006 m u
007 cr cn|||||||||
008 040128s2004 cau sb 001 0 eng d
010 _z 2004109256
020 _z9780761959366
020 _z9781847871077 (ebook)
020 _z076195936X (pbk.)
020 _z0761959351
040 _aCaPaEBR
_cCaPaEBR
035 _a(OCoLC)290535046
050 1 4 _aHQ76.25
_b.B54 2004eb
100 1 _aBinnie, Jon.
245 1 4 _aThe globalization of sexuality
_h[electronic resource] /
_cJon Binnie.
260 _aThousand Oaks, Calif. ;
_aLondon :
_bSAGE,
_c2004.
300 _a167 p.
504 _aIncludes bibliographical references (p. [151]-161) and index.
533 _aElectronic reproduction.
_bPalo Alto, Calif. :
_cebrary,
_d2009.
_nAvailable via World Wide Web.
_nAccess may be limited to ebrary affiliated libraries.
650 0 _aHomosexuality
_xPolitical aspects.
650 0 _aLesbianism
_xPolitical aspects.
650 0 _aGlobalization.
655 7 _aElectronic books.
_2local
710 2 _aebrary, Inc.
856 4 0 _uhttp://site.ebrary.com/lib/rucke/Doc?id=10218258
_zAn electronic book accessible through the World Wide Web; click to view
999 _c240551
_d240551